| 000 | 00876nam a2200253Ia 4500 | ||
|---|---|---|---|
| 003 | OSt | ||
| 005 | 20220923211002.0 | ||
| 006 | a|||||r|||| 00| 0 | ||
| 007 | ta | ||
| 008 | 220922b |||||||| |||| 00| 0 hin d | ||
| 020 |
_a8170163609 (hbk) _c120 |
||
| 024 | _a234,323 | ||
| 037 |
_b428, 04/03/2008, University Book House _cTextual |
||
| 040 |
_aARTS _cARTS _bhin |
||
| 041 |
_2hin _ahin |
||
| 082 | _aO152,1x, N7 | ||
| 100 |
_aपाण्डेय, मैनेजर, संपा. _9156843 |
||
| 245 | 0 | _aसीवान की कविता | |
| 246 | _aSīvān kī kavitā | ||
| 260 |
_aनयी दिल्ली _b किताब घर _c1997 |
||
| 300 |
_a155iøøøø _ccm. |
||
| 942 |
_hO152,1x, N7 _cTEXL _2CC |
||
| 999 |
_c293525 _d293525 |
||